Los dos mundos del Quijote
Elmentve itt :
| Szerző: | |
|---|---|
| További közreműködők: | |
| Dokumentumtípus: | Könyv része |
| Megjelent: |
2001
|
| Sorozat: | Ész, élet, egzisztencia
Cervantes y la narrativa moderna : Coloquio internacional, Debrecen, 19-20 de octubre de 2000 |
| Kulcsszavak: | Spanyol irodalom - regény - 17. sz., Spanyol irodalom története |
| Tárgyszavak: | |
| Online Access: | http://acta.bibl.u-szeged.hu/9535 |
| LEADER | 00848naa a2200229 i 4500 | ||
|---|---|---|---|
| 001 | acta9535 | ||
| 005 | 20211215133852.0 | ||
| 008 | 161015s2001 hu o 0|| spa d | ||
| 022 | |a 0866-028X | ||
| 040 | |a SZTE Egyetemi Kiadványok Repozitórium |b hun | ||
| 041 | |a spa | ||
| 100 | 1 | |a Kulin Katalin | |
| 245 | 1 | 0 | |a Los dos mundos del Quijote |h [elektronikus dokumentum] / |c Kulin Katalin |
| 260 | |c 2001 | ||
| 300 | |a 49-54 | ||
| 490 | 0 | |a Ész, élet, egzisztencia | |
| 490 | 0 | |a Cervantes y la narrativa moderna : Coloquio internacional, Debrecen, 19-20 de octubre de 2000 | |
| 650 | 4 | |a Bölcsészettudományok | |
| 650 | 4 | |a Nyelvek és irodalom | |
| 695 | |a Spanyol irodalom - regény - 17. sz., Spanyol irodalom története | ||
| 700 | 0 | 2 | |a Cervantes Saavedra Miguel de |
| 856 | 4 | 0 | |u http://acta.bibl.u-szeged.hu/9535/1/esz_008_049-054.pdf |z Dokumentum-elérés |